Normandía 1944: el desembarco y la invasión aliada
Sparad:
| Huvudupphovsman: | |
|---|---|
| Materialtyp: | Bok |
| Språk: | spanska |
| Publicerad: |
Madrid
Del Prado
1994
|
| Serie: | Batallas de la Historia, 1
Ejércitos y Batallas Serie Campañas, 1 |
| Ämnen: | |
| Taggar: |
Lägg till en tagg
Inga taggar, Lägg till första taggen!
|
MARC
| LEADER | 00000nam a2200000 a 4500 | ||
|---|---|---|---|
| 001 | UCK5880 | ||
| 003 | CL-VaPUC | ||
| 008 | 050826e19940400sp |||||||||||||||||spa|d | ||
| 020 | |a 8478384723 | ||
| 020 | |a 8478384731 | ||
| 082 | 0 | 4 | |a 944.0816 |b BAD |2 21 |
| 100 | 0 | |a Badsey, Stephen |e author |9 494906 | |
| 245 | 1 | 0 | |a Normandía 1944: el desembarco y la invasión aliada |
| 300 | |a 96 p | ||
| 942 | |c BK | ||
| 945 | |d 20050826 00:00:00 |a jcarroza | ||
| 260 | |a Madrid |b Del Prado |c 1994 | ||
| 650 | 0 | |a Segunda Guerra Mundial |9 325982 | |
| 650 | 7 | |a OPERACIONES NAVALES |2 CL-VaPUC |9 494907 | |
| 650 | 7 | |a BATALLAS |2 CL-VaPUC |9 376940 | |
| 651 | 7 | |a NORMANDIA |2 CL-VaPUC |9 494908 | |
| 651 | 0 | |a Francia |9 255157 | |
| 583 | |a last modification |c 20171010 10:38:13 |k Rodrigo Vera | ||
| 490 | 0 | |a Batallas de la Historia, 1 | |
| 490 | 0 | |a Ejércitos y Batallas | |
| 490 | 0 | |a Serie Campañas, 1 | |
| 999 | |c 314332 |d 314330 | ||
| 952 | |0 0 |1 0 |4 0 |6 944_081600000000000_BAD_1994 |7 0 |8 A |9 386426 |a BIBHIS |b BIBHIS |d 2019-11-22 |i 4159225 |o 944.0816 BAD 1994 |p 4159225 |r 2025-01-20 |w 2019-11-22 |y BK |k HIS | ||